Available copies
- 1 of 2 copies available at LARL/NWRL Consortium.
- 1 of 2 copies available at Northwest Regional Library. (Show preferred library)
Current holds
0 current holds with 2 total copies.
Show Only Available Copies
| Location | Call Number / Copy Notes | Barcode | Shelving Location | Status | Due Date |
|---|---|---|---|---|---|
| Godel Memorial-Warren Library | ya KAT (Text) | 35500005230683 | Main | Available | - |
| Thief River Falls Public Library | ya KAT (Text) | 35500005230790 | Main | Checked out | 05/18/2026 |
Record details
- ISBN: 9780385742658 (hardback)
- ISBN: 0385742657 (hardback)
- ISBN: 9780385742665 (paperback)
- ISBN: 9780385742658 (glb)
- ISBN: 0385742657 (glb)
- Physical Description: pages cm.
- Edition: First edition.
- Publisher: New York : Delacorte Press, 2013.
Content descriptions
| Summary, etc.: | Since Eureka's mother drowned, she wishes she were ... Read More |
Search for related items by subject
| Subject: | Depression, Mental > Fiction. Magic > Fiction. Depression, Mental > Fiction. Love > Fiction. JUVENILE FICTION > Love & Romance. |
| Genre: | Young adult fiction. |
Search for related items by series
| LDR | 02414cam a22005538i 4500 | ||
|---|---|---|---|
| 001 | 156973 | ||
| 003 | LARL_NWRL_CONSORTIUM | ||
| 005 | 20200825134831.0 | ||
| 008 | 130424s2013 nyu d 000 1 eng | ||
| 010 | . | ‡a2013014014 | |
| 020 | . | ‡a9780385742658 (hardback) | |
| 020 | . | ‡a0385742657 (hardback) | |
| 020 | . | ‡a9780385742665 (paperback) | |
| 020 | . | ‡a9780385742658 (glb) | |
| 020 | . | ‡a0385742657 (glb) | |
| 020 | . | ‡z9780307976314 (ebook) | |
| 035 | . | ‡a(OCoLC)841212375 | |
| 040 | . | ‡aDLC ‡beng ‡erda ‡cDLC ‡dTXBXL ‡dOCLCQ ‡dOCLCO ‡dUPZ ‡dOCLCQ | |
| 042 | . | ‡apcc ‡alcac | |
| 082 | 0 | 0. | ‡a[Fic] ‡223 |
| 084 | . | ‡aJUV026000 ‡2bisacsh | |
| 100 | 1 | . | ‡aKate, Lauren. ‡0(LARL_NWRL_CONSORTIUM)200606 |
| 245 | 1 | 0. | ‡aTeardrop / ‡cLauren Kate. |
| 246 | 3 | . | ‡aTear drop |
| 250 | . | ‡aFirst edition. | |
| 260 | . | ‡aNew York : ‡bDelacorte Press, ‡c2013. | |
| 300 | . | ‡apages cm. | |
| 336 | . | ‡atext ‡btxt ‡2rdacontent | |
| 337 | . | ‡aunmediated ‡bn ‡2rdamedia | |
| 338 | . | ‡avolume ‡bnc ‡2rdacarrier | |
| 490 | 0 | . | ‡aTeardrop ; ‡v1 |
| 520 | . | ‡aSince Eureka's mother drowned, she wishes she were dead too, but after discovering that an ancient book is more than a story Eureka begins to believe that Ander is right about her being involved in strange things--and in grave danger. | |
| 650 | 0. | ‡aDepression, Mental ‡vFiction. ‡0(LARL_NWRL_CONSORTIUM)168977 | |
| 650 | 1. | ‡aMagic ‡vFiction. ‡0(LARL_NWRL_CONSORTIUM)165984 | |
| 650 | 1. | ‡aDepression, Mental ‡vFiction. ‡0(LARL_NWRL_CONSORTIUM)168977 | |
| 650 | 1. | ‡aLove ‡vFiction. ‡0(LARL_NWRL_CONSORTIUM)176088 | |
| 650 | 7. | ‡aJUVENILE FICTION ‡xLove & Romance. ‡2bisacsh | |
| 655 | 0. | ‡aYoung adult fiction. | |
| 901 | . | ‡a156973 ‡bOCLC ‡c156973 ‡tbiblio | |

Add to basket
Permalink
Disable Highlighting